|
|
|
|
| LEADER |
00000nab a2200000 a 4500 |
| 001 |
vtls000820988 |
| 003 |
SK-MaSNL |
| 005 |
20260305003100.0 |
| 008 |
180206c2001 xo 0 slo |
| 015 |
|
|
|a SNBRB2003/01-00835
|
| 035 |
|
|
|a CLN000172643
|
| 040 |
|
|
|a SNKBUCL
|b slo
|c SNKBUCL
|e AACR2
|
| 041 |
0 |
|
|a slo
|
| 044 |
|
|
|a xo
|c SK
|
| 080 |
|
|
|a 7.097
|2 UDC-MRF-SK2
|
| 100 |
1 |
|
|a Mihálik, Miroslav
|4 aut
|9 447988
|
| 245 |
1 |
0 |
|a Skrytú kameru si všimne len profesionál
|c Miroslav Mihálik
|
| 300 |
|
|
|b Fotogr.
|
| 610 |
|
7 |
|a Televízia Markíza
|2 snkbucl
|9 59718
|
| 630 |
0 |
7 |
|a Skrytá kamera (televízna relácia)
|2 snkbucl
|9 1579673
|
| 655 |
|
7 |
|a články z novín a časopisov
|2 snkbucl
|9 267496
|
| 773 |
0 |
|
|x 1335-2776
|t Markíza
|g Roč. 4, č. 22 (2001), s. 64-65
|
| 850 |
|
|
|a Slovenská národná knižnica v Martine
|
| 852 |
|
|
|a SNK
|b KIS3GCP
|
| 958 |
|
|
|a RBX
|
| 999 |
|
|
|c 3228513
|d 3230443
|